000 00522nam a2200217Ia 4500
003 0100
008 130303s9999 xx 000 0 und d
040 _cARRUPELIB
050 _aBJ171.I57 1977
245 3 _aAn introduction to ethics
260 _aNew York
260 _bMacmillan
260 _C1977
300 _a499p.
300 _b 24 cm.
650 _aETHICS
650 _bMarx, Karl, 1818-1883
650 _cCommunists--Biography
700 _aDewey, Robert E ; Hurlbutt, Robert H. (ed.)
942 0 0 _01
999 _c28174
_d28174